Quels sont les 15 plus petits pays au monde? - Statistiques

Statistiques générales
  • Ce quiz a été pris 233 fois
    194 depuis la dernière actualisation
  • Le résultat moyen est 9 sur 15
Statistiques - réponses
Superficie Continent Pays % Correct
0,44 km² Europe Vatican
96%
2,02 km² Europe Monaco
93%
61 km² Europe Saint Marin
79%
160 km² Europe Liechtenstein
76%
21 km² Océanie Nauru
64%
26 km² Océanie Tuvalu
60%
261 km² Amérique du Nord Saint-Christophe-et-Niévès
57%
316 km² Europe Malte
55%
398 km² Amérique du Nord Saint-Vincent-et-les-Grenadines
54%
430 km² Amérique du Nord Barbade
51%
344 km² Amérique du Nord Grenade
51%
181 km² Océanie Iles Marshall
51%
442 km² Amérique du Nord Antigua-et-Barbuda
47%
457 km² Afrique Seychelles
45%
300 km² Asie Maldives
38%
Aucun quiz correspondant
Distribution des résultats
% des personnes avec chaque résultat
Percentile par nombre de réponses
Votre historique - résultats
Vous n’avez pas pris ce quiz depuis la dernière actualisation